The encyclopedia of pure materia medica : a record of the positive effects of drugs upon the healthy human organism

Saved in:
Bibliographic Details
Other Authors: Allen, Timothy Field, 1837-1902 (Editor)
Format: Book
Language:English
Published: New Delhi : B. Jain Pub., 2005
Subjects:
Tags: Add Tag
No Tags, Be the first to tag this record!

MARC

LEADER 00000cam a2200000 i 4500
001 1/78893
008 080327s2005 eng d
020 |a 81-7021-501-3 (set) 
035 |l 10095837 
040 |a GR-MY-UA  |b gre  |e aacr 
041 0 |a eng 
082 0 |a 615.532  |2 (22) 
245 1 4 |a The encyclopedia of pure materia medica :  |b a record of the positive effects of drugs upon the healthy human organism /  |c edited by Timothy F. Allen ; with contributions from Dr. Richard Hughes ... [κ.ά.]. 
260 |a New Delhi :   |b B. Jain Pub.,   |c 2005 
300 |a 12 τ.;  |c 22 εκ. 
504 |a Περιλαμβάνει ευρετήριο (τ. xi & τ. xii) 
650 0 0 |a Homeopathy  |x Materia medica and therapeutics. 
700 1 |a Allen, Timothy Field,   |d 1837-1902.  |4 edt 
852 |a INST  |b SYROS  |e 20080327  |h 615.532 ENC  |p 005500006261  |q 005500006261  |t REF  |y 23  |z τ.10 
852 |a INST  |b SYROS  |e 20080327  |h 615.532 ENC  |p 005500006262  |q 005500006262  |t REF  |y 23  |z τ.11 
852 |a INST  |b SYROS  |e 20080327  |h 615.532 ENC  |p 005500006263  |q 005500006263  |t REF  |y 23  |z τ.12 
852 |a INST  |b SYROS  |e 20080327  |h 615.532 ENC  |p 005500006264  |q 005500006264  |t REF  |y 23  |z τ.1 
852 |a INST  |b SYROS  |e 20080327  |h 615.532 ENC  |p 005500006265  |q 005500006265  |t REF  |y 23  |z τ.2 
852 |a INST  |b SYROS  |e 20080327  |h 615.532 ENC  |p 005500006266  |q 005500006266  |t REF  |y 23  |z τ.3 
852 |a INST  |b SYROS  |e 20080327  |h 615.532 ENC  |p 005500006267  |q 005500006267  |t REF  |y 23  |z τ.4 
852 |a INST  |b SYROS  |e 20080327  |h 615.532 ENC  |p 005500006268  |q 005500006268  |t REF  |y 23  |z τ.5 
852 |a INST  |b SYROS  |e 20080327  |h 615.532 ENC  |p 005500006269  |q 005500006269  |t REF  |y 23  |z τ.6 
852 |a INST  |b SYROS  |e 20080327  |h 615.532 ENC  |p 005500006270  |q 005500006270  |t REF  |y 23  |z τ.7 
852 |a INST  |b SYROS  |e 20080327  |h 615.532 ENC  |p 005500006271  |q 005500006271  |t REF  |y 23  |z τ.8 
852 |a INST  |b SYROS  |e 20080327  |h 615.532 ENC  |p 005500006272  |q 005500006272  |t REF  |y 23  |z τ.9 
852 |a INST  |b SYROS  |e 20080327  |h 615.532 ENC  |p 005500006273  |q 005500006273  |t REF  |y 23  |z τ.10 
852 |a INST  |b SYROS  |e 20080327  |h 615.532 ENC  |p 005500006274  |q 005500006274  |t REF  |y 23  |z τ.11 
852 |a INST  |b SYROS  |e 20080327  |h 615.532 ENC  |p 005500006275  |q 005500006275  |t REF  |y 23  |z τ.12 
852 |a INST  |b SYROS  |e 20080327  |h 615.532 ENC  |p 005500006283  |q 005500006283  |t REF  |y 23  |z τ.9 
852 |a INST  |b SYROS  |e 20080327  |h 615.532 ENC  |p 005500006297  |q 005500006297  |t REF  |y 23  |z τ.3 
852 |a INST  |b SYROS  |e 20080327  |h 615.532 ENC  |p 005500006298  |q 005500006298  |t REF  |y 23  |z τ.4 
852 |a INST  |b SYROS  |e 20080327  |h 615.532 ENC  |p 005500006299  |q 005500006299  |t REF  |y 23  |z τ.5 
852 |a INST  |b SYROS  |e 20080327  |h 615.532 ENC  |p 005500006300  |q 005500006300  |t REF  |y 23  |z τ.7 
852 |a INST  |b SYROS  |e 20080327  |h 615.532 ENC  |p 005500006301  |q 005500006301  |t REF  |y 23  |z τ.8 
852 |a INST  |b SYROS  |e 20080327  |h 615.532 ENC  |p 005500006302  |q 005500006302  |t REF  |y 23  |z τ.6 
852 |a INST  |b SYROS  |e 20080327  |h 615.532 ENC  |p 005500006303  |q 005500006303  |t REF  |y 23  |z τ.2 
852 |a INST  |b SYROS  |e 20080327  |h 615.532 ENC  |p 005500006304  |q 005500006304  |t REF  |y 23  |z τ.1 
852 |a INST  |b SYROS  |e 20080327  |h 615.532 ENC  |p 005500006261  |q 005500006261  |t REF  |v τ.10:  |y 23  |z τ.10 
852 |a INST  |b SYROS  |e 20080327  |h 615.532 ENC  |p 005500006262  |q 005500006262  |t REF  |v τ.11:  |y 23  |z τ.11 
852 |a INST  |b SYROS  |e 20080327  |h 615.532 ENC  |p 005500006263  |q 005500006263  |t REF  |v τ.12:  |y 23  |z τ.12 
852 |a INST  |b SYROS  |e 20080327  |h 615.532 ENC  |p 005500006264  |q 005500006264  |t REF  |v τ.1:  |y 23  |z τ.1 
852 |a INST  |b SYROS  |e 20080327  |h 615.532 ENC  |p 005500006265  |q 005500006265  |t REF  |v τ.2:  |y 23  |z τ.2 
852 |a INST  |b SYROS  |e 20080327  |h 615.532 ENC  |p 005500006266  |q 005500006266  |t REF  |v τ.3:  |y 23  |z τ.3 
852 |a INST  |b SYROS  |e 20080327  |h 615.532 ENC  |p 005500006267  |q 005500006267  |t REF  |v τ.4:  |y 23  |z τ.4 
852 |a INST  |b SYROS  |e 20080327  |h 615.532 ENC  |p 005500006268  |q 005500006268  |t REF  |v τ.5:  |y 23  |z τ.5 
852 |a INST  |b SYROS  |e 20080327  |h 615.532 ENC  |p 005500006269  |q 005500006269  |t REF  |v τ.6:  |y 23  |z τ.6 
852 |a INST  |b SYROS  |e 20080327  |h 615.532 ENC  |p 005500006270  |q 005500006270  |t REF  |v τ.7:  |y 23  |z τ.7 
852 |a INST  |b SYROS  |e 20080327  |h 615.532 ENC  |p 005500006271  |q 005500006271  |t REF  |v τ.8:  |y 23  |z τ.8 
852 |a INST  |b SYROS  |e 20080327  |h 615.532 ENC  |p 005500006272  |q 005500006272  |t REF  |v τ.9:  |y 23  |z τ.9 
852 |a INST  |b SYROS  |e 20080327  |h 615.532 ENC  |p 005500006273  |q 005500006273  |t REF  |v τ.10:  |y 23  |z τ.10 
852 |a INST  |b SYROS  |e 20080327  |h 615.532 ENC  |p 005500006274  |q 005500006274  |t REF  |v τ.11:  |y 23  |z τ.11 
852 |a INST  |b SYROS  |e 20080327  |h 615.532 ENC  |p 005500006275  |q 005500006275  |t REF  |v τ.12:  |y 23  |z τ.12 
852 |a INST  |b SYROS  |e 20080327  |h 615.532 ENC  |p 005500006283  |q 005500006283  |t REF  |v τ.9:  |y 23  |z τ.9 
852 |a INST  |b SYROS  |e 20080327  |h 615.532 ENC  |p 005500006297  |q 005500006297  |t REF  |v τ.3:  |y 23  |z τ.3 
852 |a INST  |b SYROS  |e 20080327  |h 615.532 ENC  |p 005500006298  |q 005500006298  |t REF  |v τ.4:  |y 23  |z τ.4 
852 |a INST  |b SYROS  |e 20080327  |h 615.532 ENC  |p 005500006299  |q 005500006299  |t REF  |v τ.5:  |y 23  |z τ.5 
852 |a INST  |b SYROS  |e 20080327  |h 615.532 ENC  |p 005500006300  |q 005500006300  |t REF  |v τ.7:  |y 23  |z τ.7 
852 |a INST  |b SYROS  |e 20080327  |h 615.532 ENC  |p 005500006301  |q 005500006301  |t REF  |v τ.8:  |y 23  |z τ.8 
852 |a INST  |b SYROS  |e 20080327  |h 615.532 ENC  |p 005500006302  |q 005500006302  |t REF  |v τ.6:  |y 23  |z τ.6 
852 |a INST  |b SYROS  |e 20080327  |h 615.532 ENC  |p 005500006303  |q 005500006303  |t REF  |v τ.2:  |y 23  |z τ.2 
852 |a INST  |b SYROS  |e 20080327  |h 615.532 ENC  |p 005500006304  |q 005500006304  |t REF  |v τ.1:  |y 23  |z τ.1 
853 |a INST  |b SYROS  |h 615.532 ENC 
901 |a BIBL5-2008-1 
909 |a Ε  |b 133653 
909 |a Ε  |b 133654 
909 |a Ε  |b 133655 
909 |a Ε  |b 133656 
909 |a Ε  |b 133657 
909 |a Ε  |b 133658 
909 |a Ε  |b 133659 
909 |a Ε  |b 133660 
909 |a Ε  |b 133661 
909 |a Ε  |b 133662 
909 |a Ε  |b 133663 
909 |a Ε  |b 133664 
909 |a Ε  |b 133665 
909 |a Ε  |b 133666 
909 |a Ε  |b 133667 
909 |a Ε  |b 133668 
909 |a Ε  |b 133669 
909 |a Ε  |b 133670 
909 |a Ε  |b 133671 
909 |a Ε  |b 133672 
909 |a Ε  |b 133673 
909 |a Ε  |b 133674 
909 |a Ε  |b 133675 
909 |a Ε  |b 133676 
970 |a Κοντού  |b Παρασκευή  |z 2008/03/27